[Event "World Blitz 2023"]
[Site "Samarkand UZB"]
[Date "2023.12.30"]
[Round "16.25"]
[White "Iturrizaga Bonelli, Eduardo"]
[Black "Galchenko, Matvey"]
[Result "1-0"]
[WhiteElo "2645"]
[BlackElo "2424"]
[EventDate "2023.12.29"]

1. c4 e6 2. Nf3 d5 3. e3 Nf6 4. b3 dxc4 5. Bxc4 a6 6. Bb2 b5 7. Be2 Bb7 8.
O-O c5 9. a4 Qb6 10. Nc3 b4 11. Nb1 Nbd7 12. d3 Be7 13. Nbd2 O-O 14. Rc1
Nd5 15. Ne4 f5 16. Ned2 Rac8 17. Nc4 Qd8 18. Qc2 N7b6 19. Nce5 Bf6 20. Rfd1
g5 21. h3 Qe7 22. Bf1 Qg7 23. Nc4 Bxb2 24. Qxb2 Qxb2 25. Nxb2 Nc3 26. Rd2
Bxf3 27. gxf3 e5 28. a5 Nd7 29. d4 cxd4 30. Bc4+ Kg7 31. exd4 exd4 32. Re1
Rc5 33. Re7+ Kf6 34. Rxd7 Rxa5 35. Rd6+ Ke5 36. R2xd4 1-0

[Event "World Blitz 2023"]
[Site "Samarkand UZB"]
[Date "2023.12.30"]
[Round "16.26"]
[White "Zeng, Chongsheng"]
[Black "Tari, Aryan"]
[Result "0-1"]
[WhiteElo "2504"]
[BlackElo "2577"]
[EventDate "2023.12.29"]

1. c4 e5 2. Nc3 Nf6 3. Nf3 e4 4. Ng5 c6 5. Ngxe4 Nxe4 6. Nxe4 d5 7. cxd5
cxd5 8. Ng3 h5 9. e3 h4 10. Ne2 Nc6 11. d4 Bf5 12. Nc3 Bb4 13. Bd2 Bxc3 14.
Bxc3 Qg5 15. Rg1 O-O 16. Bd3 Bxd3 17. Qxd3 a6 18. O-O-O b5 19. Kb1 Rfc8 20.
Rc1 Ne7 21. h3 Nf5 22. e4 dxe4 23. Qxe4 Nd6 24. Qg4 Qxg4 25. hxg4 Ne4 26.
f3 Nxc3+ 27. bxc3 Rc4 28. a3 a5 29. Rgd1 Re8 30. Kb2 g5 31. Re1 Rxe1 32.
Rxe1 b4 33. axb4 axb4 34. cxb4 Rxb4+ 35. Kc3 Ra4 36. Re2 Kg7 37. d5 Kf6 38.
Re8 Ra1 39. Kc4 Rc1+ 40. Kb5 Rb1+ 41. Kc5 Rc1+ 42. Kd6 Rc2 43. Re3 Rxg2 44.
Rc3 h3 45. Rc1 Rf2 46. Re1 Rxf3 47. Kc6 Rc3+ 48. Kd6 h2 49. Rf1+ Kg6 50.
Ke7 Re3+ 51. Kd6 Rg3 52. Rh1 Rh3 53. Ke5 f6+ 54. Ke4 Rg3 55. Rxh2 Rxg4+ 56.
Kd3 Ra4 57. Re2 Kf5 58. Rf2+ Ke5 59. d6 Ra6 60. Re2+ Kxd6 61. Ke4 Ra5 62.
Kf3 Re5 0-1

[Event "World Blitz 2023"]
[Site "Samarkand UZB"]
[Date "2023.12.30"]
[Round "16.27"]
[White "Zvjaginsev, Vadim"]
[Black "Nogerbek, Kazybek"]
[Result "0-1"]
[WhiteElo "2570"]
[BlackElo "2488"]
[EventDate "2023.12.29"]

1. e4 e5 2. Nf3 Nc6 3. g3 Nf6 4. d3 d5 5. exd5 Nxd5 6. Bg2 g6 7. O-O Bg7 8.
Nc3 Nde7 9. Rb1 a5 10. a3 O-O 11. b4 axb4 12. axb4 Nf5 13. Re1 Nfd4 14. Be3
Nxf3+ 15. Bxf3 Nd4 16. Bxd4 Qxd4 17. Nd5 c6 18. Ne7+ Kh8 19. Nxc8 Raxc8 20.
b5 f5 21. bxc6 bxc6 22. Qe2 Rc7 23. Bg2 Rd8 24. Rb3 c5 25. c4 Re7 26. Bd5
Rf8 27. Reb1 e4 28. dxe4 f4 29. Rb8 Qf6 30. Qf3 g5 31. gxf4 gxf4 32. Kh1
Ree8 33. Rxe8 Rxe8 34. Rg1 Rf8 35. h3 Qh6 36. Qg4 f3 37. e5 Qg6 38. e6 Qf6
39. Qxf3 Qe7 40. Qg3 Bd4 41. Rg2 Bf6 42. Qg4 Be5 43. Qh5 Bf6 44. Rg4 Bg7
45. Kg2 Qf6 46. Qh4 Qe5 47. Qg3 Qf6 48. h4 Qe7 49. h5 Bh6 50. Qe5+ Bg7 51.
Qg5 Bf6 52. Qh6 Bg7 53. Qe3 Bd4 54. Rxd4 Qg7+ 55. Qg3 cxd4 56. Qxg7+ Kxg7
57. c5 Kf6 58. c6 Ke5 59. Bc4 Kd6 60. Kf1 Kxc6 61. Ke2 Kc5 62. Bd3 h6 63.
f4 Kd6 64. f5 Ke5 65. Bb5 Kf6 66. Kd3 Rd8 67. Ke4 Rd6 68. Bd3 Rd8 69. Kf4
Rg8 70. Ke4 Rg5 71. Be2 Rg2 72. Bf3 Rg3 73. Bd1 d3 74. Kf4 Rg1 0-1

[Event "World Blitz 2023"]
[Site "Samarkand UZB"]
[Date "2023.12.30"]
[Round "16.28"]
[White "Hong, Andrew"]
[Black "Paravyan, David"]
[Result "0-1"]
[WhiteElo "2460"]
[BlackElo "2566"]
[EventDate "2023.12.29"]

1. e4 e5 2. Nf3 Nf6 3. Nxe5 d6 4. Nf3 Nxe4 5. Bd3 d5 6. O-O Bd6 7. Re1 O-O
8. h3 Nd7 9. c3 Re8 10. Bc2 Ne5 11. Nxe5 Bxe5 12. d3 Nxf2 13. Qf3 Nxh3+ 14.
gxh3 Qh4 15. Re3 Bd7 16. Nd2 d4 17. Re4 Qg5+ 18. Qg2 Qxg2+ 19. Kxg2 Bc6 20.
Nf3 dxc3 21. bxc3 Bxc3 22. Rb1 Bxe4 23. dxe4 b6 24. Bf4 c5 25. Bd6 Rad8 26.
e5 Rxd6 27. exd6 Re2+ 28. Kf1 Rxc2 29. Re1 Bxe1 30. d7 Bh4 31. Nxh4 Rd2 0-1

[Event "World Blitz 2023"]
[Site "Samarkand UZB"]
[Date "2023.12.30"]
[Round "16.29"]
[White "Gharibyan, Mamikon"]
[Black "Chigaev, Maksim"]
[Result "0-1"]
[WhiteElo "2444"]
[BlackElo "2561"]
[EventDate "2023.12.29"]

1. e4 e5 2. Nf3 Nc6 3. Bb5 a6 4. Ba4 Nf6 5. d3 d6 6. c3 g6 7. O-O Bg7 8.
Re1 O-O 9. Nbd2 Bd7 10. Nf1 Qe8 11. Ng3 Kh8 12. Bc2 Ng8 13. d4 Bg4 14. d5
Nce7 15. c4 f5 16. h3 Bxf3 17. Qxf3 Bh6 18. b4 Bxc1 19. Raxc1 f4 20. Nf1 g5
21. Qg4 Nf6 22. Qe6 Ng6 23. Qxe8 Rfxe8 24. c5 h5 25. f3 Re7 26. Bd1 Rg8 27.
Nh2 Kg7 28. Be2 Ra8 29. Rc2 a5 30. a3 axb4 31. axb4 Ra3 32. Rec1 Rb3 33.
Rc4 Nh4 34. Kf2 Kg6 35. Bd1 Ra3 36. Be2 Ra2 37. R1c2 Ra3 38. R2c3 Ra4 39.
Nf1 Re8 40. cxd6 cxd6 41. b5 Rxc4 42. Rxc4 Ra8 43. Rc7 g4 44. hxg4 hxg4 45.
Rxb7 Ra2 46. b6 g3+ 47. Nxg3 fxg3+ 48. Kxg3 Kg5 49. Rg7+ Ng6 50. b7 Rb2 51.
Kf2 Nh5 52. Rg8 Rxb7 53. g3 Rb2 54. Rd8 Nhf4 55. gxf4+ Nxf4 56. Rxd6 Rxe2+
57. Kf1 Re3 58. Kf2 Re2+ 59. Kf1 Rc2 60. Rd8 Rc1+ 61. Kf2 Rc2+ 62. Kf1 Kh4
63. Rg8 Kh3 64. Rg5 Nd3 65. d6 Rf2+ 66. Kg1 Rxf3 67. d7 Rf8 68. Rg6 Nf4 69.
Rd6 Ne2+ 0-1

[Event "World Blitz 2023"]
[Site "Samarkand UZB"]
[Date "2023.12.30"]
[Round "16.30"]
[White "Jumabayev, Rinat"]
[Black "Haldorsen, Benjamin"]
[Result "0-1"]
[WhiteElo "2561"]
[BlackElo "2405"]
[EventDate "2023.12.29"]

1. Nf3 Nf6 2. g3 b6 3. Bg2 Bb7 4. O-O g6 5. c4 Bg7 6. d4 O-O 7. d5 Na6 8.
Nc3 Nc5 9. Qc2 e6 10. Rd1 exd5 11. cxd5 Re8 12. Nd4 a5 13. b3 Qe7 14. Bb2
a4 15. bxa4 d6 16. Nb3 Nfe4 17. Nxe4 Bxb2 18. Qxb2 Nxe4 19. a5 bxa5 20. Rd4
Nf6 21. e3 a4 22. Nd2 Reb8 23. Qc2 Ra5 24. Rxa4 Rxa4 25. Qxa4 Bxd5 26. Bxd5
Nxd5 27. Rc1 c5 28. Qc4 Nb4 29. Nf3 Ra8 30. Ra1 Qf6 31. Nd4 cxd4 32. Qxb4
dxe3 33. Rf1 e2 34. Re1 Rxa2 35. Qb8+ Kg7 36. Qb5 Qf3 37. Qb4 Qd3 38. Kg2
Rd2 0-1

[Event "World Blitz 2023"]
[Site "Samarkand UZB"]
[Date "2023.12.30"]
[Round "16.31"]
[White "Omonov, Asrorjon"]
[Black "Ruck, Robert"]
[Result "1-0"]
[WhiteElo "2069"]
[BlackElo "2561"]
[EventDate "2023.12.29"]

1. d4 Nf6 2. c4 e6 3. Nc3 Bb4 4. e3 O-O 5. Bd3 c5 6. Ne2 d5 7. O-O cxd4 8.
exd4 dxc4 9. Bxc4 Nbd7 10. a3 Be7 11. Qd3 Nb6 12. Bb3 Bd7 13. Bg5 Bc6 14.
Rad1 Nfd5 15. Bc1 Re8 16. Rfe1 Bf8 17. Bc2 g6 18. Ng3 Nxc3 19. bxc3 Bg7 20.
c4 Rc8 21. Bb3 Qd7 22. Be3 Ba4 23. Rc1 Bxb3 24. Qxb3 Qa4 25. Qxa4 Nxa4 26.
Ne4 Red8 27. d5 Nb2 28. Rb1 Nxc4 29. dxe6 fxe6 30. Bxa7 Ra8 31. Rxb7 Nxa3
32. Ng5 Nc2 33. Rc1 Nd4 34. Rxg7+ Kxg7 35. Bxd4+ Kg8 36. Be3 Rd6 37. h4
Rda6 38. Rc7 h5 39. Bd4 Ra4 40. Rg7+ Kf8 41. Nxe6+ Ke8 42. Nc7+ Kf8 43.
Nxa8 Rxd4 44. Rxg6 1-0

[Event "World Blitz 2023"]
[Site "Samarkand UZB"]
[Date "2023.12.30"]
[Round "16.32"]
[White "Zhalmakhanov, Ramazan"]
[Black "Demchenko, Anton"]
[Result "0-1"]
[WhiteElo "2427"]
[BlackElo "2545"]
[EventDate "2023.12.29"]

1. Nc3 Nf6 2. d4 d5 3. Bf4 c5 4. e3 cxd4 5. exd4 a6 6. Nf3 Nc6 7. Ne5 Bd7
8. g3 e6 9. Bg2 Be7 10. O-O O-O 11. Nxd7 Nxd7 12. Ne2 b5 13. c3 Rc8 14. Qd3
Nb6 15. Rac1 Qd7 16. b3 Bd6 17. Be3 Rc7 18. h4 Ne7 19. h5 Rfc8 20. g4 a5
21. h6 g6 22. Bf3 Kf8 23. Kg2 a4 24. Ra1 Ra7 25. Rab1 axb3 26. axb3 Ra3 27.
Bg5 Ng8 28. Rfc1 Be7 29. Be3 Bd6 30. Ng3 Ne7 31. Be2 b4 32. cxb4 Bxb4 33.
Rxc8+ Nbxc8 34. Bg5 Bd6 35. Qf3 Ng8 36. Rc1 Ra7 37. Bd3 Rc7 38. Rxc7 Qxc7
39. Bxg6 hxg6 40. h7 Kg7 41. hxg8=Q+ Kxg8 42. Qe3 Nb6 43. Ne2 Nd7 44. Nf4
Nf8 45. Nd3 Qc3 46. Ne5 Qxe3 47. Bxe3 f6 48. Nd3 Kf7 49. g5 e5 50. gxf6 e4
51. Ne5+ Kxf6 52. Ng4+ Ke6 53. f3 Nd7 54. Nf2 Kf5 55. Bd2 0-1

[Event "World Blitz 2023"]
[Site "Samarkand UZB"]
[Date "2023.12.30"]
[Round "16.33"]
[White "Bai, Jinshi"]
[Black "Orozbaev, Eldiar"]
[Result "1-0"]
[WhiteElo "2516"]
[BlackElo "2236"]
[EventDate "2023.12.29"]

1. d4 d5 2. Nf3 Nf6 3. g3 c5 4. c4 dxc4 5. Qa4+ Nc6 6. Bg2 Qa5+ 7. Qxa5
Nxa5 8. dxc5 e6 9. Bd2 Nc6 10. Na3 Bxc5 11. Nxc4 Ne4 12. O-O Nxd2 13. Nfxd2
Bd7 14. Ne4 Be7 15. Rfd1 Bc8 16. Ned6+ Bxd6 17. Nxd6+ Ke7 18. Bxc6 bxc6 19.
Rac1 Bd7 20. Rd2 Rab8 21. Nxf7 Kxf7 22. Rxd7+ Kf6 23. b3 Rhd8 24. Rxd8 Rxd8
25. Rxc6 Rd2 26. Ra6 Rxe2 27. Rxa7 Rb2 28. Kg2 g5 29. g4 Ke5 30. Kf3 Rc2
31. Ra5+ Kf6 32. h3 Rb2 33. Ke3 Rb1 34. Rb5 Rh1 35. a4 Rxh3+ 36. Ke2 Rh1
37. a5 Ra1 38. b4 Ke7 39. Rb7+ Kd6 40. Rxh7 Kc6 41. Rh8 Kc7 42. Rh7+ Kc6
43. Re7 Kd5 44. Rg7 Kc4 45. Rxg5 Kxb4 46. Re5 Kc4 47. f4 Kd4 48. g5 Ra3 49.
g6 Rg3 1-0

[Event "World Blitz 2023"]
[Site "Samarkand UZB"]
[Date "2023.12.30"]
[Round "16.34"]
[White "Garayev, Kanan"]
[Black "Mitrabha, Guha"]
[Result "0-1"]
[WhiteElo "2260"]
[BlackElo "2512"]
[EventDate "2023.12.29"]

1. Nf3 Nf6 2. g3 b6 3. Bg2 Bb7 4. O-O c5 5. b3 g6 6. Bb2 Bg7 7. c4 O-O 8.
d4 cxd4 9. Nxd4 Bxg2 10. Kxg2 Qc8 11. Nc3 Qb7+ 12. Nf3 d6 13. Qd2 Nbd7 14.
Rad1 Rfc8 15. Nd5 Nxd5 16. Bxg7 Kxg7 17. Qxd5 Qxd5 18. Rxd5 a6 19. e4 f6
20. h4 Nc5 21. Re1 b5 22. cxb5 axb5 23. Rd2 Ne6 24. h5 Rc5 25. hxg6 hxg6
26. Ree2 Rc3 27. Nd4 Nxd4 28. Rxd4 Kf7 29. Rb4 Rc5 30. a4 Ra5 31. axb5
Raxb5 32. Rxb5 Rxb5 33. Rb2 Rb4 34. Kf3 g5 35. Ke3 g4 36. Kf4 d5 37. Re2 e6
38. Kxg4 f5+ 39. Kf4 fxe4 40. Ke5 Rxb3 41. Ra2 e3 42. Kd4 exf2 43. Rxf2+
Ke7 44. g4 Rb4+ 45. Kc5 Rc4+ 46. Kb5 Rxg4 47. Ra2 Rc4 48. Re2 Rc1 49. Kb4
Kd6 50. Rh2 d4 51. Kb3 Kd5 52. Kb2 Rc8 53. Rh5+ e5 0-1

[Event "World Blitz 2023"]
[Site "Samarkand UZB"]
[Date "2023.12.30"]
[Round "16.35"]
[White "Martirosyan, Haik M."]
[Black "Tsaruk, Maksim"]
[Result "0-1"]
[WhiteElo "2770"]
[BlackElo "2378"]
[EventDate "2023.12.29"]

1. d4 f5 2. Bg5 h6 3. Bh4 g5 4. Bg3 Bg7 5. e3 c5 6. c3 Qb6 7. Qc1 Nf6 8.
Nd2 d5 9. Ngf3 Nc6 10. Be2 Ne4 11. a4 c4 12. Nxe4 fxe4 13. Nd2 O-O 14. f3
e5 15. fxe4 exd4 16. exd4 Nxd4 17. cxd4 Bxd4 18. a5 Qb4 19. Qc2 Bd7 20.
exd5 Rae8 21. Qxc4 Rxe2+ 22. Qxe2 Re8 23. Qxe8+ Bxe8 24. Ra3 Qxb2 25. Rb3
Qc1+ 26. Ke2 Qxh1 0-1

[Event "World Blitz 2023"]
[Site "Samarkand UZB"]
[Date "2023.12.30"]
[Round "16.36"]
[White "Urazayev, Arystanbek"]
[Black "Cheparinov, Ivan"]
[Result "1/2-1/2"]
[WhiteElo "2408"]
[BlackElo "2613"]
[EventDate "2023.12.29"]

1. e4 e5 2. Nf3 Nc6 3. Bb5 a6 4. Ba4 Nf6 5. d3 Bc5 6. O-O b5 7. Bb3 d6 8.
c3 h6 9. h3 O-O 10. Re1 Bb6 11. Nbd2 Re8 12. Nf1 Be6 13. Bxe6 Rxe6 14. Ng3
d5 15. Qe2 Qd7 16. Be3 Bxe3 17. Qxe3 Rd8 18. a4 b4 19. Qc5 bxc3 20. bxc3
Qe7 21. Qxe7 Nxe7 22. exd5 Nexd5 23. c4 Nb4 24. Rxe5 Nxd3 25. Rxe6 fxe6 26.
Rb1 Nc5 27. a5 Nfe4 28. Nxe4 Nxe4 29. Re1 Nc5 30. Re5 Nb7 31. Rxe6 Nxa5 32.
Rxa6 Nxc4 33. Rc6 Nd2 34. Nxd2 Rxd2 35. Rxc7 Kh7 36. g4 Rd3 37. Kg2 Ra3 38.
f3 Ra4 39. Kg3 Ra3 40. Re7 Rb3 41. Kf4 Ra3 42. Re3 Ra4+ 43. Re4 Ra3 44. Re7
Rb3 45. h4 Ra3 46. h5 Rb3 47. Re3 Rb4+ 48. Kf5 Rb5+ 49. Re5 Rb4 50. f4 Ra4
51. Rb5 Ra1 52. Rb4 Rf1 53. Ke6 Rg1 54. f5 Ra1 55. Rb6 Ra4 56. f6 gxf6 57.
Rb7+ Kg8 58. Kf5 Ra5+ 59. Kxf6 Rg5 60. Rb8+ Kh7 61. Rb7+ Kg8 62. Rb4 Kh7
63. Ke6 Kg7 64. Rb7+ Kg8 65. Rb4 Kg7 66. Rf4 Kg8 67. Kf6 Kh7 68. Kf7 Rg7+
69. Kf8 Rg8+ 70. Ke7 Rg5 71. Kf6 Kg8 72. Re4 Kh7 73. Kf7 Rg7+ 74. Ke6 Rg5
75. Kf6 Kg8 76. Rb4 Kh7 77. Ke6 Kg7 78. Rf4 Kg8 79. Kf6 Kh7 80. Kf7 Rg7+
81. Ke6 Rg5 82. Rf7+ Kg8 83. Rf4 1/2-1/2

[Event "World Blitz 2023"]
[Site "Samarkand UZB"]
[Date "2023.12.30"]
[Round "16.37"]
[White "Piorun, Kacper"]
[Black "Karthik, Venkataraman"]
[Result "1-0"]
[WhiteElo "2589"]
[BlackElo "2440"]
[EventDate "2023.12.29"]

1. e4 e5 2. Bc4 Nf6 3. Nc3 Nc6 4. d3 Bc5 5. h3 d6 6. Nge2 a6 7. Be3 Qe7 8.
Qd2 Be6 9. Bb3 h6 10. f4 Rd8 11. f5 Bxb3 12. axb3 Bxe3 13. Qxe3 d5 14. exd5
Nb4 15. Qd2 Nbxd5 16. O-O O-O 17. Ng3 Rfe8 18. Nxd5 Nxd5 19. Ne4 Nf6 20.
Rae1 Rd4 21. Ng3 Qc5 22. Kh1 a5 23. Qf2 b6 24. Re2 Qd6 25. Rfe1 a4 26. bxa4
Rxa4 27. b3 Rd4 28. Re3 Qc5 29. Qe2 Rd7 30. Ne4 Nxe4 31. Rxe4 f6 32. Rc4
Qd5 33. Ra1 Ra8 34. Rca4 Rdd8 35. Kh2 Kh8 36. Qe3 Kh7 37. Qe2 Kh8 38. Qg4
Rxa4 39. Rxa4 b5 40. Ra5 Qc5 41. c4 c6 42. cxb5 cxb5 43. b4 Qc6 44. Ra7 Rd7
45. Ra5 Rxd3 46. Qg6 Rd2 47. Ra7 1-0

[Event "World Blitz 2023"]
[Site "Samarkand UZB"]
[Date "2023.12.30"]
[Round "16.38"]
[White "Bilguun, Sumiya"]
[Black "Asadli, Vugar"]
[Result "1/2-1/2"]
[WhiteElo "2407"]
[BlackElo "2584"]
[EventDate "2023.12.29"]

1. e4 c5 2. Nc3 Nc6 3. Bb5 Nd4 4. Nf3 e6 5. O-O a6 6. Bd3 Nc6 7. b3 d6 8.
Bb2 Nf6 9. Re1 Be7 10. e5 dxe5 11. Nxe5 Nxe5 12. Rxe5 Bd7 13. Qf3 Bc6 14.
Qh3 Qc7 15. Ree1 O-O-O 16. a4 h5 17. a5 g5 18. Na4 g4 19. Qg3 Bd6 20. Qh4
Nd5 21. Bxh8 Rxh8 22. Nb6+ Kb8 23. Nxd5 Bxd5 24. Be4 Be7 25. Qg3 Bd6 26.
Qh4 Be7 27. Qg3 Bd6 28. Qh4 1/2-1/2

[Event "World Blitz 2023"]
[Site "Samarkand UZB"]
[Date "2023.12.30"]
[Round "16.39"]
[White "Henriquez Villagra, Cristobal"]
[Black "Saydaliev, Saidakbar"]
[Result "1-0"]
[WhiteElo "2568"]
[BlackElo "2323"]
[EventDate "2023.12.29"]

1. Nf3 Nf6 2. d4 d5 3. Bf4 c5 4. e3 e6 5. Be2 Bd6 6. dxc5 Bxc5 7. O-O O-O
8. c4 dxc4 9. Bxc4 Nc6 10. Qe2 b6 11. Rd1 Qe7 12. a3 e5 13. Bg5 h6 14. Bxf6
Qxf6 15. Nc3 Be6 16. b4 Be7 17. Nd5 Bxd5 18. Bxd5 Rac8 19. Qa6 Rc7 20. Rac1
Nb8 21. Qa4 Rxc1 22. Rxc1 Qd6 23. e4 a5 24. bxa5 bxa5 25. Rc3 Qb6 26. g3
Bc5 27. Qc2 Bd4 28. Rb3 Qa7 29. Rb7 Qa6 30. Qc7 Qe2 31. Nxd4 exd4 32. Rxb8
Rxb8 33. Qxb8+ Kh7 34. Qf4 d3 35. Qf5+ Kh8 36. Qxf7 Kh7 37. Qf5+ Kh8 38.
Qc8+ Kh7 39. Bg8+ Kg6 40. Qf5# 1-0

[Event "World Blitz 2023"]
[Site "Samarkand UZB"]
[Date "2023.12.30"]
[Round "16.40"]
[White "Kobalia, Mikhail"]
[Black "Abdurakhmonov, Mukhammadali"]
[Result "0-1"]
[WhiteElo "2558"]
[BlackElo "2214"]
[EventDate "2023.12.29"]

1. e4 c5 2. Nf3 Nc6 3. Bb5 e6 4. O-O Nge7 5. Re1 a6 6. Bf1 b6 7. c3 d5 8.
d3 g6 9. e5 d4 10. cxd4 Nxd4 11. Nxd4 cxd4 12. Nd2 Bg7 13. Ne4 O-O 14. Bg5
Bb7 15. Nf6+ Kh8 16. Qg4 h5 17. Qh3 Ng8 18. Qh4 Bxf6 19. exf6 Kh7 20. Be2
Nh6 21. Bxh5 Nf5 22. Bxg6+ Kxg6 23. Qg4 Rh8 24. Re5 Qg8 25. Rae1 Rh5 26. h4
Qh7 27. g3 Rc8 28. Bf4+ Kxf6 29. Bg5+ Kg7 30. Kh2 Qg6 31. Qf4 Rxg5 0-1

[Event "World Blitz 2023"]
[Site "Samarkand UZB"]
[Date "2023.12.30"]
[Round "16.41"]
[White "Khismatullin, Denis"]
[Black "Suleymenov, Alisher"]
[Result "1-0"]
[WhiteElo "2552"]
[BlackElo "2326"]
[EventDate "2023.12.29"]

1. b3 d5 2. Bb2 c5 3. e3 Nf6 4. Nf3 Nc6 5. Bb5 Bd7 6. O-O e6 7. c4 a6 8.
Bxc6 Bxc6 9. Ne5 Rc8 10. d3 Be7 11. Nd2 O-O 12. Qe2 Be8 13. f4 Nd7 14. Nxd7
Qxd7 15. e4 d4 16. e5 b5 17. Rae1 Qb7 18. Bc1 Bc6 19. Qg4 Kh8 20. Ne4 bxc4
21. bxc4 Qb1 22. Qh3 Qxa2 23. f5 exf5 24. Qxf5 Rb8 25. Rf2 Qb1 26. Nd6 Bxd6
27. exd6 Rbe8 28. Ref1 Qb7 29. Qxc5 f6 30. Qxd4 a5 31. h3 a4 32. Ba3 Qd7
33. Bb2 Re6 34. c5 Rfe8 35. Kh2 Kg8 36. Qc4 Kh8 37. Bc3 Re2 1-0

[Event "World Blitz 2023"]
[Site "Samarkand UZB"]
[Date "2023.12.30"]
[Round "16.42"]
[White "Fayzullaev, Akmal"]
[Black "Kezin, Roman"]
[Result "0-1"]
[WhiteElo "2342"]
[BlackElo "2492"]
[EventDate "2023.12.29"]

1. e4 c5 2. Nf3 e6 3. d4 cxd4 4. Nxd4 Nc6 5. Nc3 Qc7 6. Be3 a6 7. a3 b5 8.
Qf3 Ne5 9. Qg3 h5 10. h4 Nf6 11. Be2 Bb7 12. Bf4 d6 13. f3 g6 14. Rd1 Nfd7
15. O-O Bg7 16. Be3 O-O 17. f4 Nc4 18. Bxc4 Qxc4 19. f5 exf5 20. exf5 Rae8
21. Kh1 Nf6 22. Bg5 Ng4 23. f6 Bxf6 24. Rxf6 Nxf6 25. Bxf6 Kh7 26. Qf4 Qc8
27. Kh2 Qd7 28. Nf3 Qg4 29. Ng5+ Kg8 30. Qxg4 hxg4 31. Rxd6 Re3 32. Rd3 g3+
0-1

[Event "World Blitz 2023"]
[Site "Samarkand UZB"]
[Date "2023.12.30"]
[Round "16.43"]
[White "Rakhmatullaev, Almas"]
[Black "Bologan, Victor"]
[Result "1-0"]
[WhiteElo "2218"]
[BlackElo "2489"]
[EventDate "2023.12.29"]

1. e4 c5 2. Nf3 e6 3. g3 d6 4. Bg2 Nf6 5. Qe2 Nc6 6. O-O Be7 7. c3 e5 8.
Rd1 Bg4 9. h3 Bh5 10. d3 O-O 11. Nbd2 d5 12. Nf1 d4 13. g4 Bg6 14. Ng3 h6
15. Nf5 Nh7 16. Bd2 Bg5 17. Nxg5 Nxg5 18. f4 Ne6 19. fxe5 Nxe5 20. c4 Qd7
1-0

[Event "World Blitz 2023"]
[Site "Samarkand UZB"]
[Date "2023.12.30"]
[Round "16.44"]
[White "Nigmatov, Ortik"]
[Black "Kosakowski, Jakub"]
[Result "1/2-1/2"]
[WhiteElo "2382"]
[BlackElo "2485"]
[EventDate "2023.12.29"]

1. e4 c6 2. d4 d5 3. e5 Bf5 4. Nf3 e6 5. Be2 Nd7 6. O-O a5 7. a4 f6 8. Bd3
Bxd3 9. Qxd3 fxe5 10. dxe5 Bc5 11. Ng5 Qe7 12. Qh3 Nf8 13. c4 Nh6 14. cxd5
cxd5 15. Nc3 Nf7 16. Nxf7 Kxf7 17. Nb5 Ng6 18. Be3 b6 19. Bxc5 bxc5 20.
Nd6+ Kg8 21. f4 Rf8 22. Qg4 c4 23. Rae1 Nh4 24. b3 h5 25. Qd1 Nf5 26. bxc4
Nxd6 27. exd6 Qxd6 28. cxd5 exd5 29. Qd4 Rh6 30. Re5 Rhf6 31. Rxd5 Rxf4 32.
Rxf4 Qxf4 33. Qxf4 Rxf4 34. Rxa5 h4 35. Ra7 Kh7 36. Ra6 g6 1/2-1/2

[Event "World Blitz 2023"]
[Site "Samarkand UZB"]
[Date "2023.12.30"]
[Round "16.45"]
[White "Vetokhin, Savva"]
[Black "Zverev, Lev"]
[Result "1/2-1/2"]
[WhiteElo "2483"]
[BlackElo "2299"]
[EventDate "2023.12.29"]

1. d4 Nf6 2. c4 e6 3. Nf3 d5 4. Nc3 Bb4 5. Bg5 h6 6. Bxf6 Qxf6 7. e3 O-O 8.
Rc1 c6 9. a3 Bxc3+ 10. Rxc3 b6 11. Bd3 Bb7 12. cxd5 exd5 13. O-O Nd7 14. b4
c5 15. bxc5 Nxc5 16. Qe2 Rac8 17. Rfc1 Nxd3 18. Qxd3 Qd6 19. h3 Rxc3 20.
Rxc3 Rc8 21. Rxc8+ Bxc8 22. Qc3 Bf5 23. Ne5 f6 24. Qc6 Qxc6 25. Nxc6 Kf7
26. Nb4 Ke6 27. Na2 b5 28. Nc3 Bd3 29. f3 a5 30. Kf2 Bc4 31. h4 h5 32. Ke1
b4 33. axb4 axb4 34. Na4 g5 35. g3 Kf5 36. Nb6 b3 37. e4+ Ke6 38. Kd2 b2
39. Kc2 Bd3+ 40. Kxb2 dxe4 41. fxe4 Bxe4 42. Kc3 Kf5 43. d5 Kg4 44. d6 Bc6
45. Kd4 Kxg3 46. hxg5 fxg5 47. Kc5 Be8 48. Nd5 h4 49. Nf6 Ba4 50. Kb4 Bc6
51. Kc5 h3 52. Kxc6 h2 53. Ne4+ Kg2 54. d7 h1=Q 55. d8=Q Qc1+ 56. Nc5 Qf4
57. Qd5+ Qf3 58. Ne4 g4 59. Kc5 g3 60. Qd2+ Kg1 61. Qe1+ 1/2-1/2

[Event "World Blitz 2023"]
[Site "Samarkand UZB"]
[Date "2023.12.30"]
[Round "16.46"]
[White "Seemann, Jakub"]
[Black "Suyarov, Mukhammadzokhid"]
[Result "0-1"]
[WhiteElo "2332"]
[BlackElo "2449"]
[EventDate "2023.12.29"]

1. e4 e5 2. Nf3 Nf6 3. d4 Nxe4 4. Bd3 Nc6 5. dxe5 d5 6. O-O Bg4 7. Bb5 Be7
8. h3 Bh5 9. Nbd2 O-O 10. Bxc6 bxc6 11. Nxe4 dxe4 12. Qxd8 Raxd8 13. Nd2
Bg6 14. Nc4 Bc5 15. Be3 Bb6 16. Rfd1 Bf5 17. Bg5 Rd5 18. Ne3 Rxd1+ 19. Rxd1
Be6 20. a4 h6 21. Bf4 Rb8 22. b3 g5 23. Bg3 Bc5 24. Kf1 Kg7 25. Ke2 Kg6 26.
Ng4 Bf5 27. Ne3 Be6 28. Ng4 Be7 29. Ne3 Rb4 30. Kd2 Bc5 31. Kc3 Rb8 32. h4
a6 33. hxg5 hxg5 34. Kd2 Bd4 35. Ke2 Bc3 36. f3 exf3+ 37. Kxf3 Bb4 38. Rd3
Rh8 39. Rd1 Bc5 40. Ke4 Re8 41. Rf1 Bxe3 42. Kxe3 f5 43. Kd4 f4 44. Bf2 Kf5
45. Kc5 Bd5 46. g3 Rxe5 47. Bd4 Re2 48. gxf4 Rxc2+ 49. Kb4 gxf4 50. Ka5
Bxb3 51. Rb1 Bd5 52. Kxa6 Rc4 53. Bg1 Rxa4+ 54. Kb7 Ra2 55. Kxc7 f3 56. Kd6
Kg4 57. Bc5 f2 58. Rf1 Kg3 59. Bxf2+ Rxf2 60. Re1 Rf6+ 61. Kc5 Kf4 62. Re2
Rh6 63. Re8 Kf5 64. Re7 Re6 65. Rh7 Re1 66. Rh2 Be4 67. Kd6 Rd1+ 68. Kc5
Kf4 69. Rf2+ Ke3 70. Rb2 Rc1+ 71. Kd6 c5 72. Rb5 c4 73. Kc5 c3 74. Kb4 Rb1+
75. Kxc3 Rxb5 0-1

[Event "World Blitz 2023"]
[Site "Samarkand UZB"]
[Date "2023.12.30"]
[Round "16.47"]
[White "Begmuratov, Khumoyun"]
[Black "Ganguly, Surya Shekhar"]
[Result "1-0"]
[WhiteElo "2276"]
[BlackElo "2549"]
[EventDate "2023.12.29"]

1. e4 e5 2. Nf3 Nc6 3. Bb5 a6 4. Ba4 f5 5. d3 fxe4 6. dxe4 Nf6 7. Nc3 Bb4
8. O-O Bxc3 9. bxc3 d6 10. Qd3 b5 11. Bb3 Na5 12. a4 Nxb3 13. cxb3 bxa4 14.
Rxa4 O-O 15. Bg5 h6 16. Bxf6 Qxf6 17. Nd2 Kh8 18. Ra2 Qg5 19. f3 Be6 20. c4
Rf6 21. Re1 Rg6 22. Nf1 Rf8 23. Qe3 Qh4 24. Ng3 Bc8 25. c5 Qe7 26. Rc2 Be6
27. b4 Rb8 28. Qd2 Bg8 29. Nf5 Qd7 30. cxd6 cxd6 31. Rec1 Qa7+ 32. Kh1 Qb6
33. Rc8 Re6 34. Rxb8 Qxb8 35. h3 Kh7 36. Rc6 Bf7 37. Rxd6 Re8 38. Rxh6+ Kg8
39. Qg5 Kf8 1-0

[Event "World Blitz 2023"]
[Site "Samarkand UZB"]
[Date "2023.12.30"]
[Round "16.48"]
[White "Gallego Alcaraz, Andres Felipe"]
[Black "Ponkratov, Pavel"]
[Result "0-1"]
[WhiteElo "2384"]
[BlackElo "2547"]
[EventDate "2023.12.29"]

1. d4 Nf6 2. c4 e6 3. Nf3 c5 4. d5 exd5 5. cxd5 d6 6. Nc3 g6 7. e4 Bg7 8.
h3 O-O 9. Bd3 a6 10. a4 Nbd7 11. O-O Nh5 12. Re1 Re8 13. Bg5 Qb6 14. Qd2
Qb4 15. a5 c4 16. Bb1 Nc5 17. Ra3 Bd7 18. Be3 Nf6 19. Bf4 Nb3 20. Qd1 Nxa5
21. Bxd6 Qxd6 22. Rxa5 b5 23. e5 Qb4 24. exf6 Rxe1+ 25. Qxe1 Bxf6 26. Ra2
Bg7 27. Qd2 a5 28. Ne4 Re8 29. Qxb4 axb4 30. Nc5 Rd8 31. b3 Be8 32. Be4 f5
33. Ne6 cxb3 34. Ra7 Bc3 35. Bb1 Rxd5 36. Ra8 Kf7 37. Neg5+ Ke7 38. Ra7+
Bd7 0-1